| 000 | 00935nac a22002651u 4500 | ||
|---|---|---|---|
| 008 | 090331t xxu||||| |||| 00| 0 eng d | ||
| 010 | _a 2006015047 | ||
| 020 | _a978032156999 | ||
| 020 | _a0321562992 | ||
| 035 | _a(OCoLC)ocm68624091 | ||
| 082 | 0 | 0 |
_a005.133 _bHEJ |
| 100 |
_aHejlsberg, Anders. _92964 |
||
| 245 | 1 | 4 |
_aThe C # _aprogramming language / _cAnders Hejlsberg...[et. al.] |
| 246 | 3 | _aC programming language | |
| 246 | 3 | _aC sharp programming language | |
| 250 | _a3rd ed. | ||
| 260 |
_aUpper Saddle River, NJ : _bAddison-Wesley, _cc2009. |
||
| 300 |
_axviii, 754 p. ; _c24 cm. |
||
| 440 | 0 |
_aMicrosoft .NET development series _92965 |
|
| 500 | _aIncludes index. | ||
| 500 | _a" Special annotated edition for c# 3.0 "-- Cover. | ||
| 650 | 0 |
_a (Computer program language) _aC _92966 |
|
| 856 | 4 | 1 |
_3Table of contents _uhttp://www.loc.gov/catdir/toc/ecip0613/2006015047.html |
| 942 |
_cBB _k005.133HEJ _2ddc |
||
| 999 |
_c11146 _d11146 |
||